Vyhlídka na důchod.
Dôchodkové poistenie ako kľúčová oblasť sociálnej politiky ČR. Vyčerpanie možností zlepšenia terajšieho systému. Zásadné nedostatky súčasného systému dôchodkového zabezpečenia a ich ekonomické dôsledky. Základné trendy transformácie dôchodkového zabezpečenia.
Saved in:
| Main Author: | |
|---|---|
| Format: | Book Chapter |
| Language: | Czech |
| Subjects: | |
| Tags: |
No Tags, Be the first to tag this record!
|
MARC
| LEADER | 00000naa a2200000 4500 | ||
|---|---|---|---|
| 001 | r013141 | ||
| 005 | 20221205075728.7 | ||
| 041 | 0 | |a cze | |
| 044 | |a CZ | ||
| 245 | 1 | 0 | |a Vyhlídka na důchod. |c J. Dostal |
| 520 | |a Dôchodkové poistenie ako kľúčová oblasť sociálnej politiky ČR. Vyčerpanie možností zlepšenia terajšieho systému. Zásadné nedostatky súčasného systému dôchodkového zabezpečenia a ich ekonomické dôsledky. Základné trendy transformácie dôchodkového zabezpečenia. | ||
| 610 | 2 | 0 | |a dôchodky |
| 610 | 2 | 0 | |a poistenie dôchodkové |
| 610 | 2 | 0 | |a politika sociálna |
| 610 | 2 | 0 | |a Čechy |
| 610 | 2 | 0 | |a zabezpečenie dôchodkové |
| 610 | 2 | 0 | |a transformácia |
| 100 | 1 | |a Dostal, J. | |